00408nam a2200169Ia 4500008004100000020001800041050001400059100001600073245003300089245001500122260001500137260001700152260000900169300001400178300002500192440002100217180207s9999 xx 000 0 und d a9780717285785 bB534 2005 aBerry, Joy. 2aA book about being bullied / cJoy Berry. aNew York : bScholastic,  c2005 aunpaged : bcolor illustration ; aHelp me be good!